Planning to save/ (Record no. 521)

MARC details
000 -LEADER
fixed length control field 00489nam a2200181 a 4500
005 - DATE AND TIME OF LATEST TRANSACTION
control field 20260322212023.0
008 - FIXED-LENGTH DATA ELEMENTS--GENERAL INFORMATION
fixed length control field data
020 ## - INTERNATIONAL STANDARD BOOK NUMBER
International Standard Book Number 9781680210132
092 ## - LOCALLY ASSIGNED DEWEY CALL NUMBER (OCLC)
Classification number 332 Sim 2015
001 - CONTROL NUMBER
control field data
100 1# - MAIN ENTRY--PERSONAL NAME
Personal name Simms, Susan Rose
245 10 - TITLE STATEMENT
Title Planning to save/
Statement of responsibility, etc. Susan Rose Simms.
246 S# - VARYING FORM OF TITLE
Title proper/short title Something big
260 ## - PUBLICATION, DISTRIBUTION, ETC.
Place of publication, distribution, etc. [Costa Mesa, California] :
Name of publisher, distributor, etc. Saddleback Educational Publishing,
300 ## - PHYSICAL DESCRIPTION
Extent 31 pages : color illustrations ;
Other physical details 20 cm.
490 ## - SERIES STATEMENT
Series statement Money Skills
650 #0 - SUBJECT ADDED ENTRY--TOPICAL TERM
Topical term or geographic name entry element Finance, Personal
Holdings
Withdrawn status Lost status Damaged status Not for loan Home library Current library Shelving location Date acquired Total checkouts Full call number Barcode Date last seen Price effective from Koha item type
        Franklin Franklin General stacks 22/03/2026   GEN BC0010533 22/03/2026 22/03/2026 Books